MARC

Tag First Indicator Second Indicator Subfields
LEADER 00000cas a2200000 a 4500
001 in00002783091
005 20211202184550.0
006 m o d f
007 cr mn|||||||||
008 070419c19uu9999dcu x of f0 0eng c
010 |a  2007230408 
019 |a 213511328 
035 |a (OCoLC)ocn123287407 
040 |a GPO  |c GPO  |d OCLCQ  |d GPO  |d MvI  |d UtOrBLW 
042 |a lcd 
043 |a n-us--- 
049 |a WWW 
074 |a 0299-A-04 (online) 
086 0 |a PM 1.10/5: 
245 0 0 |a Information for FERS annuitants. 
264 1 |a Washington, D.C. :  |b U.S. Office of Personnel Management, Retirement and Insurance Service. 
300 |a 1 online resource 
310 |a Irregular 
336 |a text  |b txt  |2 rdacontent 
337 |a computer  |b c  |2 rdamedia 
338 |a online resource  |b cr  |2 rdacarrier 
500 |a "Federal Employee Retirement System (FERS)." 
500 |a "Previous edition is not usable." 
500 |a "RI 90-8." 
588 |a Description based on: Rev. Aug. 2005; title from title screen (viewed Apr. 16, 2007). 
588 |a Latest issue consulted: Rev. May 2012. 
550 |a Issued by: U.S. Office of Personnel Management, Retirement Services, <May 2012->. 
500 |a Electronic resource. 
610 2 0 |a Federal Employees' Retirement System (U.S.)  |v Handbooks, manuals, etc. 
651 0 |a United States  |x Officials and employees  |x Pensions  |v Handbooks, manuals, etc. 
651 0 |a United States  |x Officials and employees  |x Retirement  |v Handbooks, manuals, etc. 
710 1 |a United States.  |b Office of Personnel Management.  |b Retirement and Insurance Service. 
710 1 |a United States.  |b Office of Personnel Management.  |b Retirement Services. 
776 0 8 |i Print version:  |t Information for FERS annuitants  |w (DLC) 00230445  |w (OCoLC)40272925 
856 4 0 |3 Current issue only  |u https://purl.fdlp.gov/GPO/LPS7640  |z Under heading "Form," scroll down to RI 90-8 to access issue  |t 0 
999 |a MARS 
999 f f |s 4ff0ea50-8a43-33e2-9a4c-0b89361544ad  |i 72b8a9a7-2e7c-3b32-a65e-701006f8c586  |t 0 
952 f f |a Texas A&M University  |b College Station  |c Electronic Resources  |d Available Online  |t 0  |e PM 1.10/5:  |h Superintendent of Documents classification 
998 f f |a PM 1.10/5:  |t 0  |l Available Online